A public choice theory of budgets : implications for education in less developed countries (Record no. 75430)

MARC details
000 -CABECERA
campo de control de longitud fija 00664nam a2200229 a 4500
005 - FECHA Y HORA DE LA ÚLTIMA TRANSACCIÓN
campo de control 20210219153359.0
008 - ELEMENTOS DE LONGITUD FIJA--INFORMACIÓN GENERAL
campo de control de longitud fija 991125n 000 0 u
035 ## - NÚMERO DE CONTROL DEL SISTEMA
Número de control de sistema UPN01000095269
100 ## - ASIENTO PRINCIPAL--NOMBRE PERSONAL
Nombre de persona Gallagher, Mark
222 ## - TÍTULO CLAVE
Título clave COMPARATIVE EDUCATION REVIEW
245 ## - MENCIÓN DE TÍTULO
Título A public choice theory of budgets : implications for education in less developed countries
300 ## - DESCRIPCIÓN FÍSICA
Extensión 90-106
362 ## - FECHAS DE PUBLICACIÓN Y/O DESIGNACIÓN SECUENCIAL
Fecha de publicación y/o designación secuencial 37, No. 2, 1993
505 ## - NOTA DE CONTENIDO CON FORMATO PREESTABLECIDO
Nota de contenido con formato Diciembre 1993
653 0# - TERMINO DE INDIZACION - NO CONTROLADO
Término no controlado ASIGNACION DE RECURSOS
653 0# - TERMINO DE INDIZACION - NO CONTROLADO
Término no controlado CLIMA ECONOMICO
653 0# - TERMINO DE INDIZACION - NO CONTROLADO
Término no controlado PAISES DESARROLLADOS
653 0# - TERMINO DE INDIZACION - NO CONTROLADO
Término no controlado PRESUPUESTARIO
653 0# - TERMINO DE INDIZACION - NO CONTROLADO
Término no controlado PROPORCION AISLADA
904 ## - ELEMENTOS DE DATOS D LOCAL, LDD (RLIN)
a AC
b 033080
905 ## - TIPO DE MATERIAL
Tipo de material Articulo

No items available.